Biblioteca

La pascua y la comida pascual (Registro nro. 69556)

Detalles MARC
000 -LÍDER
Campo fijo de descripción fija 00985nab a2200205 i 4500
001 - NÚMERO DE CONTROL
Campo de control 768714001
003 - IDENTIFICADOR DEL NÚMERO DE CONTROL
Campo de control CO-MdFUSB
005 - FECHA Y HORA DE LA ULTIMA TRANSACCIÓN
control field 20240507125745.0
008 - ELEMENTOS DE LONGITUD FIJA -- INFORMACIÓN GENERAL
Campo fijo de descripción fija -- Información general 240507t1968 sp ||||| |||| 00| 0 spa d
040 ## - FUENTE DE CATALOGACIÓN
Idioma de catalogación spa
Agencia que realiza la transcripción CO-MdFUSB
Agencia que realiza la modificación CO-MdFUSB
041 ## - CÓDIGO DE IDIOMA
Código de idioma para texto/pista de sonido o título separado spa
100 ## - ASIENTO PRINCIPAL--NOMBRE PERSONAL
Nombre personal Barrosse, Thomas,
Término relacionador autor
245 #3 - TÍTULO
Título La pascua y la comida pascual
Mención de responsabilidad / Thomas Barrose
520 ## - NOTA DE RESUMEN, ETC.
Nota de sumario, etc. La pascua es la comida sagrada que mayor atención merece en el Antiguo Testamento. Sin embargo, sería un error ver en ella simplemente una forma particular de «sacrificio de comunión». Si bien fue asimilada a este rito en un principio (ex 12, 27; 23,18; 34,25), ambos tienen orígenes totalmente independientes.
650 #0 - ASIENTO SECUNDARIO DE MATERIA - TERMINO TEMÁTICO
Término temático o nombre geográfico como elemento de entrada Biblia
9 (RLIN) 16
653 ## - TÉRMINO DE INDIZACIÓN - NO CONTROLADO
Término no controlado Pascua
773 0# - ASIENTO DE ITEM FUENTE
Biblionumber 49450
Itemnumber 82600
Otro identificador del ítem R2530
Título Revista internacional de teología Concilium
Número de control del registro (CO-MdFUSB)8
Número Internacional Normalizado para Publicaciones Seriadas (ISSN) 0210-1041
Parte(s) relacionada(s) / Volumen., número. (mes año), páginas Número 40, (diciembre, 1968), páginas: 536 - 547
Enumeración y primera página página: 536
942 ## - TIPO DE MATERIAL (KOHA)
Tipo de Item KOHA Artículos de Revista
945 ## - INFORMACIÓN LOCAL DEL REGISTRO
Catalogador Catherine Arias Alvarez - Practicante SENA

No hay ítems disponibles.

Biblioteca FUSBC | Teléfono: (57+4) 349 88 10 Ext. 141| WhatsApp (+57) 3005338115 
E-mail: biblioteca@unisbc.edu.co | Calle 76 87-14 Robledo Palenque, Medellín, Colombia

Con tecnología Koha